| 000 | 00927cam a2200229 4500 | ||
|---|---|---|---|
| 001 | ABS61672 | ||
| 008 | 000000n1999 000 0 eng u | ||
| 035 | _a(Sirsi) u103165 | ||
| 100 | _aCreamer, M. | ||
| 245 | _aValuations: make them quarterly in advance | ||
| 260 | _c1999 | ||
| 490 |
_aCSM _bChartered Surveyor Monthly _v9(3) Nov/Dec 1999, 26(1) |
||
| 520 | _aThe Investment Property Forum has introduced a new valuation practice, whereby commercial property is valued by its income. This would usually mean quarterly in advance and brings commercial property in line with other investment assets. | ||
| 590 | _aABS | ||
| 650 | _aINVESTMENT PROPERTY | ||
| 650 | _aABOUT RICS-RELATED ORGANISATIONS-INVESTMENT PROPERTY FORUM | ||
| 650 | _aABOUT RICS-RELATED ORGANISATIONS-INVESTMENT PROPERTY FORUM | ||
| 650 | _aQUARTERLY IN ADVANCE | ||
| 650 | _aVALUATION BASIS | ||
| 690 | _aCOMMERCIAL VALUATION | ||
| 942 | _n0 | ||
| 999 |
_c62003 _d62003 |
||